toutes les villes d'Indre-et-Loire - Statistiques

Statistiques générales
  • Ce quiz a été pris 10 fois
  • Le résultat moyen est 27 sur 55
Statistiques - réponses
Pop Intercommunalité Ville % Correct
6 200 ... Sud Touraine Loches
100%
139 300 ... Metropole val de loire Tours
100%
8 500 ... Metropole val de loire Ballan Miré
86%
8 100 ... , vienne et loire Chinon
86%
38 400 ... Metropole val de loire Joué les tours
86%
10 500 ... Métropole val de loire La riche
86%
15 000 ... Métropole val de loire Saint avertin
86%
17 000 ... Metropole val de loire Saint Cyr sur loire
86%
15 900 ... Métropole val de loire Saint pierre des corps
86%
13 000 val d'... Amboise
71%
12 700 ... Métropole val de loire Chambray les tours
71%
4 400 Castelrenaudais Château Renault
71%
11 000 ... Métropole val de loire Fondettes
71%
4 400 Touraine ouest val de loire Langeais
71%
4 800 Touraine Est vallées Monnaie
71%
4 900 Touraine vallée de l'Indre Montbazon
71%
11 300 Touraine Est vallées Montlouis sur Loire
71%
8 100 Touraine Vallée de l'Indre Monts
57%
3 200 ... Métropole val de loire Rochecorbon
57%
3 400 ... Métropole val de loire Savonnières
57%
2 900 Touraine vallée de l'Indre Sorigny
57%
3 400 Touraine est vallées Vouvray
57%
3 400 Touraine vallée de l'Indre Azay le rideau
43%
2 700 ... , vienne et Loire Beaumont en Véron
43%
5 400 ... Val de cher Bléré
43%
3 600 Touraine ouest val de loire Bourgueil
43%
3 500 ... Métropole val de Loire Chanceaux sur choisille
43%
3 400 ... sud touraine Descartes
43%
3 300 ... Métropole val de loire La membrolle sur choisille
43%
5 600 Touraine Est vallées La ville aux dames
43%
5 100 ... Métropole val de loire Luynes
43%
2 100 ... Metropole val de loire Mettray
43%
2 300 Gâtines-racan Neuillé pont pierre
43%
4 100 Touraine val de vienne Saint maure de Touraine
43%
4 600 Touraine est vallées Véretz
43%
2 900 Touraine Est vallées Vernou sur brenne
43%
2 200 Castelrenaudais Auzouer en touraine
29%
2 100 ... , vienne et Loire Avoine
29%
3 200 Touraine est vallées Azay sur cher
29%
6 300 Touraine Vallée de l'Indre Esvres
29%
2 700 Touraine est vallées Larçay
29%
2 100 ... Sud touraine Ligueil
29%
3 800 Val d'... Nazelles négron
29%
4 500 ... Métropole val de loire Notre Dame d'oé
29%
2 400 Touraine vallée de l'Indre Truyes
29%
6 900 Touraine Vallée de l'Indre Veigné
29%
2 800 Touraine vallée de l'Indre Artannes sur indre
14%
2 900 ... Val de cher Athée sur cher
14%
2 100 ... , vienne et loire Chouzé sur loire
14%
4 000 Touraine ouest val de loire Cinq mars la pile
14%
2 500 ... Val de cher La croix en Touraine
14%
2 600 ... Métropole val de Loire Parçay meslay
14%
2 600 Touraine vallée de l'Indre Saint branchs
14%
3 200 ... Val de cher Saint Martin le beau
14%
2 200 Gâtines-racan Semblançay
14%
Aucun quiz correspondant
Distribution des résultats
% des personnes avec chaque résultat
Percentile par nombre de réponses
Votre historique - résultats
Vous n’avez pas pris ce quiz